[Event "La Vila Region-ch Preferente"]
[Site "La Vila"]
[Date "2015.11.14"]
[Round "6.6"]
[White "Martinez Gimenez, Francisca"]
[Black "Sanz Revaliente, Jesus"]
[Result "0-1"]
[WhiteElo "1583"]
[BlackElo "1738"]
[PlyCount "104"]
[EventDate "2015.10.03"]
[EventType "swiss"]
[EventRounds "7"]
[EventCountry "ESP"]
[SourceTitle "EXT 2024"]
[Source "ChessBase"]
[SourceDate "2023.10.10"]
[SourceVersion "1"]
[SourceVersionDate "2023.10.10"]
[SourceQuality "1"]

1. d4 Nf6 2. c4 g6 3. Nc3 Bg7 4. Nf3 0-0 5. Bg5 h6 6. Bf4 d6 7. Qd2 Kh7 8. h3 Nbd7 9. g4 Ng8 10. h4 e5 11. dxe5 Nxe5 12. Ng5+ Kh8 13. Bxe5 dxe5 14. Qxd8 Rxd8 15. Nxf7+ Kh7 16. Nxd8 Bxg4 17. 0-0-0 Rb8 18. Ne4 Nf6 19. Ng5+ hxg5 20. hxg5+ Nh5 21. Nf7 Be6 22. Rd8 Rxd8 23. Nxd8 Bxc4 24. Nxb7 Bd5 25. Rh3 Bxb7 26. e3 Kg8 27. Bd3 e4 28. Be2 Bc8 29. Rh1 Kf7 30. Bxh5 gxh5 31. Rxh5 Kg6 32. Rh4 Bf5 33. f4 exf3 34. Rf4 Kxg5 35. Rxf3 Be5 36. b3 a5 37. Rf2 Kg4 38. Kd2 Bg3 39. Rf1 Be5 40. Rc1 Bd6 41. Rc4+ Kf3 42. a3 Be4 43. Ra4 Bd5 44. Rxa5 Bxb3 45. Rf5+ Ke4 46. Rf4+ Bxf4 47. exf4 Kxf4 48. Kc3 Bd5 49. Kb4 Ke5 50. Kb5 Bb7 51. a4 Ke6 52. a5 Kd7 0-1

[Event "La Vila Region-ch Preferente"]
[Site "La Vila"]
[Date "2015.10.31"]
[Round "4.1"]
[White "Sanz Revaliente, Jesus"]
[Black "Herrero Ferrando, Salvador"]
[Result "1/2-1/2"]
[WhiteElo "1738"]
[BlackElo "1833"]
[PlyCount "91"]
[EventDate "2015.10.03"]
[EventType "swiss"]
[EventRounds "7"]
[EventCountry "ESP"]
[SourceTitle "EXT 2024"]
[Source "ChessBase"]
[SourceDate "2023.10.10"]
[SourceVersion "1"]
[SourceVersionDate "2023.10.10"]
[SourceQuality "1"]

1. d4 Nf6 2. c4 c5 3. d5 b5 4. cxb5 a6 5. bxa6 Bxa6 6. Nc3 g6 7. g3 d6 8. Bg2 Bg7 9. Nf3 Nbd7 10. Rb1 Nb6 11. b3 Bb7 12. Nh4 0-0 13. 0-0 Ng4 14. Bb2 Bxc3 15. Bxc3 Rxa2 16. e4 Nf6 17. Qf3 Nbd7 18. Ra1 Qa8 19. Qf4 Qa3 20. Qg5 Rxa1 21. Bxa1 Kh8 22. e5 Nxe5 23. Bxe5 dxe5 24. Qxe5 Kg7 25. g4 h6 26. f4 Qb4 27. g5 hxg5 28. fxg5 Qxh4 29. Rf4 Qh5 30. gxf6+ exf6 31. Qxf6+ Kg8 32. Bf3 Qh8 33. Qg5 Qa1+ 34. Kg2 Qb2+ 35. Kg3 Kg7 36. Rh4 Rh8 37. Rxh8 Kxh8 38. d6 Bxf3 39. Kxf3 Qxb3+ 40. Kf2 Qc2+ 41. Ke1 Qe4+ 42. Kd1 Qf3+ 43. Kc2 Qe4+ 44. Kd1 Qh1+ 45. Kc2 Qe4+ 46. Kd1 1/2-1/2

[Event "La Vila Region-ch Preferente"]
[Site "La Vila"]
[Date "2015.10.24"]
[Round "3.3"]
[White "Sanz Revaliente, Jesus"]
[Black "Carmona Huertas, Juan Antonio"]
[Result "1-0"]
[WhiteElo "1738"]
[BlackElo "1610"]
[PlyCount "62"]
[EventDate "2015.10.03"]
[EventType "swiss"]
[EventRounds "7"]
[EventCountry "ESP"]
[SourceTitle "EXT 2024"]
[Source "ChessBase"]
[SourceDate "2023.10.10"]
[SourceVersion "1"]
[SourceVersionDate "2023.10.10"]
[SourceQuality "1"]

1. d4 Nf6 2. c4 e6 3. Nc3 Bb4 4. Nf3 b6 5. g3 Ba6 6. Qb3 Bxc3+ 7. Qxc3 d5 8. b3 Nbd7 9. Ba3 dxc4 10. bxc4 c5 11. Bg2 Rc8 12. dxc5 Nxc5 13. Rd1 Qc7 14. 0-0 Nce4 15. Qb4 Bxc4 16. Rc1 a5 17. Qa4+ b5 18. Qc2 Qb8 19. Nd4 Qb6 20. e3 Nc5 21. Rfd1 Na6 22. Qb1 b4 23. Bb2 0-0 24. a4 Bd5 25. Nb5 Rxc1 26. Qxc1 Bxg2 27. Kxg2 Qb7+ 28. Kg1 Nd5 29. Qc4 f6 30. e4 Ndc7 31. Nxc7 Rf7 1-0

[Event "La Vila Region-ch Preferente"]
[Site "La Vila"]
[Date "2015.10.03"]
[Round "1.8"]
[White "Sanz Revaliente, Jesus"]
[Black "Alonso Vidal, Jose Horacio"]
[Result "1-0"]
[WhiteElo "1738"]
[BlackElo "1323"]
[PlyCount "32"]
[EventDate "2015.10.03"]
[EventType "swiss"]
[EventRounds "7"]
[EventCountry "ESP"]
[SourceTitle "EXT 2024"]
[Source "ChessBase"]
[SourceDate "2023.10.10"]
[SourceVersion "1"]
[SourceVersionDate "2023.10.10"]
[SourceQuality "1"]

1. d4 f5 2. Nf3 Nf6 3. c4 e6 4. Nc3 c6 5. b3 Bd6 6. g3 0-0 7. Bg2 Qe7 8. 0-0 Bc7 9. a4 a6 10. Ba3 Ne4 11. Qc2 h6 12. Ne5 Qe8 13. Qd3 Qf7 14. Rae1 Re8 15. b4 d5 16. cxd5 exd5 1-0